COMMENTARIUM PRO RELIGIOSIS ET MISSIONARIIS. GENNAIO DICEMBRE 1956. VOL. XXXV. (Record n. 330642)
[ formato base ]
| 000 -LEADER | |
|---|---|
| fixed length control field | 01945nas a2200277Ia 4500 |
| 001 - CONTROL NUMBER | |
| control field | R050-S2044 |
| 003 - CONTROL NUMBER IDENTIFIER | |
| control field | IT-CnALBA |
| 008 - FIXED-LENGTH DATA ELEMENTS--GENERAL INFORMATION | |
| fixed length control field | 170116c99999999xx |||||||||||| ||und|| |
| 040 ## - CATALOGING SOURCE | |
| Original cataloging agency | IT-CnALBA |
| Transcribing agency | IT-CnALBA |
| 041 ## - LANGUAGE CODE | |
| Language code of text/sound track or separate title | LATINO |
| 999 ## - SYSTEM CONTROL NUMBERS (KOHA) | |
| Koha Dewey Subclass [OBSOLETE] | NO |
| 100 ## - MAIN ENTRY--PERSONAL NAME | |
| Personal name | PIO XII, PAPA PACELLI EUGENIO. |
| 210 ## - ABBREVIATED TITLE | |
| Abbreviated title | COMMENTARIUM PRO RELIGIOSIS ET MISSIONARIIS |
| 222 ## - KEY TITLE | |
| Key title | COMMENTARIUM PRO RELIGIOSIS ET MISSIONARIIS |
| 245 #0 - TITLE STATEMENT | |
| Title | COMMENTARIUM PRO RELIGIOSIS ET MISSIONARIIS. GENNAIO DICEMBRE 1956. VOL. XXXV. |
| 250 ## - EDITION STATEMENT | |
| Edition statement | 1a ed. |
| 260 ## - PUBLICATION, DISTRIBUTION, ETC. (IMPRINT) | |
| Place of publication, distribution, etc. | ROMA |
| Name of publisher, distributor, etc. | VATICANA - LIBR. EDITR. POLIGL. |
| Date of publication, distribution, etc. | 1956 [1° Ed.:1956 - Ed.Ling.Originale: 1956] |
| 300 ## - PHYSICAL DESCRIPTION | |
| Extent | 408 p. |
| 310 ## - CURRENT PUBLICATION FREQUENCY | |
| Current publication frequency | BIMESTRALE |
| 362 ## - DATES OF PUBLICATION AND/OR SEQUENTIAL DESIGNATION | |
| Dates of publication and/or sequential designation | Fascicolo: 1-6 / Anno: 37 (1956) |
| 500 ## - GENERAL NOTE | |
| General note | LEGGE PROPRIA SULLA CONFEDERAZIONE BENEDETTINA. LETTERE. ATTI DELLE CONGREGAZIONI. ISTRUZIONE SULL'ETICA DELLA SITUAZIONE SUL SANTO ROSARIO. INDULGENZE PER L'OPERA DELLE VOCAZIONI. ATTI UFFICI. SPIEGAZIONE DEL CANONE 572. CONSULTAZIONI, GOYENECHE S. STUDI CANONICI. STUDI VARI. STATISTICHE DEI RELIGIOSI. SEZIONE MISSIONARIA. CENTRI MISSIONARI IN ITALIA. CARDINALI PROTETTORI. INCONTRO LAICI ORDINE DEI MINISTRI. BIBLIOGRAFIA. RIVISTA DEI RELIGIOSI E MISSIONARI EDITA DAI FIGLI DEL CUORE IMMACOLATO DI MARIA. |
| 501 ## - WITH NOTE | |
| With note | Società San Paolo EM - Piazza San Paolo, 14 - 12051 ALBA (CN) (non commercial uses only) ® Copyright 2017 |
| 520 ## - SUMMARY, ETC. | |
| Summary, etc. | LEGGE PROPRIA SULLA CONFEDERAZIONE BENEDETTINA. LETTERE. ATTI DELLE CONGREGAZIONI. ISTRUZIONE SULL'ETICA DELLA SITUAZIONE SUL SANTO ROSARIO. INDULGENZE PER L'OPERA DELLE VOCAZIONI. ATTI UFFICI. SPIEGAZIONE DEL CANONE 572. CONSULTAZIONI, GOYENECHE S. STUDI CANONICI. STUDI VARI. STATISTICHE DEI RELIGIOSI. SEZIONE MISSIONARIA. CENTRI MISSIONARI IN ITALIA. CARDINALI PROTETTORI. INCONTRO LAICI ORDINE DEI MINISTRI. BIBLIOGRAFIA. RIVISTA DEI RELIGIOSI E MISSIONARI EDITA DAI FIGLI DEL CUORE IMMACOLATO DI MARIA. |
| 650 ## - SUBJECT ADDED ENTRY--TOPICAL TERM | |
| Topical term or geographic name as entry element | MISSIOLOGIA |
| 942 ## - ADDED ENTRY ELEMENTS (KOHA) | |
| Koha item type | RIVISTA |
| 957 ## - | |
| -- | 1 |
| 999 ## - SYSTEM CONTROL NUMBERS (KOHA) | |
| -- | 1 |
| Withdrawn status | Lost status | Damaged status | Not for loan | Home library | Current library | Date acquired | Total Checkouts | Full call number | Date last seen | Price effective from | Koha item type | Public note |
|---|---|---|---|---|---|---|---|---|---|---|---|---|
| Buone Condizioni | Not For Loan | ALBA - Biblioteca | ALBA - Biblioteca | 16/01/2017 | R050-S2044 | 16/01/2017 | 16/01/2017 | RIVISTA | (data import: 16 gennaio 2017) - By Epidotti, Vaglietti. |